000
00304nam a22001337a 4500
008
190223b xxu||||| |||| 00| 0 eng d
020
_a
0618129928
041
_a
eng
080
_2
3rd
_a
510
100
_a
36
101
_a
MAT
245
_a
Elementary and Intermediate Algebra
_c
Hubbard
942
_2
udc
_c
BK
999
_c
54148
_d
54148